Normal view
MARC view
Entry Personal Name
001 - CONTROL NUMBER
- control field: 2369
003 - CONTROL NUMBER IDENTIFIER
- control field: dpl
005 - DATE AND TIME OF LATEST TRANSACTION
- control field: 20100729141012.0
008 - FIXED-LENGTH DATA ELEMENTS
- fixed length control field: 100729|||a|||||| | ||| d
040 ## - CATALOGING SOURCE
- Original cataloging agency: dpl
- Transcribing agency: dpl
100 ## - HEADING--PERSONAL NAME
- Personal name: Indervir Malhan
670 ## - SOURCE DATA FOUND
- Source citation: Work cat.: (dpl)34937: Library and information science in digital age:, 2009
670 ## - SOURCE DATA FOUND
- Source citation: Work cat.: (dpl)34937: Library and information science in digital age:, 2009
